Plan estratégico de marketing turístico para la ciudad de Juigalpa 2017
El estudio consiste en un plan estratégico de marketing turístico para la ciudad de Juigalpa, se encontró que este municipio posee un gran potencial turístico, que no está siendo aprovechado al máximo, y que además, posee demanda representativa de turistas potenciales, tanto nacionales como...
| Main Authors: | , |
|---|---|
| Other Authors: | |
| Format: | Tesis Section = Libro |
| Language: | Undetermined Spanish |
| Published: |
Managua
UNI
2017
|
| Subjects: |
| LEADER | 01241nam a2200277Ia 4500 | ||
|---|---|---|---|
| 008 | 240830s9999 xx 000 0 und d | ||
| 040 | |a BIBLIOTECA-RUPAP Mon 658.8 D352 | ||
| 041 | |a spa | ||
| 082 | |a Mon 658.8 D352 | ||
| 100 | 1 | |a Delgado Díaz, Danlesky del Carmen | |
| 100 | 1 | |b Somoza Castro, Blanca Rossana | |
| 245 | 1 | 0 | |a Plan estratégico de marketing turístico para la ciudad de Juigalpa 2017 |
| 260 | |a Managua |b UNI |c 2017 | ||
| 300 | |a 115 p. :il. | ||
| 500 | |a Contiene: anexos e Incluye: CD. | ||
| 502 | |a Tesis (Ingeniero de Sistemas)- UNI, 2017. | ||
| 520 | 3 | |a El estudio consiste en un plan estratégico de marketing turístico para la ciudad de Juigalpa, se encontró que este municipio posee un gran potencial turístico, que no está siendo aprovechado al máximo, y que además, posee demanda representativa de turistas potenciales, tanto nacionales como extranjeros, quienes exigen una amplia variedad de servicios con fines del esparcimiento y relajación. | |
| 650 | 7 | |a MERCADEO | |
| 650 | 7 | |b TURISMO | |
| 650 | 7 | |c PLAN ESTRATEGICO | |
| 650 | 7 | |d ESTRATEGIA DE NEGOCIO | |
| 650 | 7 | |e MARKETING | |
| 700 | 1 | |a Tutor: |b Laguna Lumbí, Leonarda del Carmen | |
| 942 | |c BK |2 ddc | ||
| 991 | |a TESIS | ||
| 999 | |c 17626 | ||